Vocabulario cafetero de la provincia de Cartago

Guardat en:
Dades bibliogràfiques
Autor principal: Gómez Córdoba, Carlos Eduardo
Format: Llibre
Idioma:Undetermined
Publicat: San José, Costa Rica Universidad de Costa Rica, Escuela de Filosofía 1975
Matèries:
Etiquetes: Afegir etiqueta
Sense etiquetes, Sigues el primer a etiquetar aquest registre!

MARC

LEADER 00000nam a2200000Ia 4500
008 170316s9999 xx 000 0 und d
999 |c 13720  |d 13720 
040 |a cru BVZT 
090 |a TESIS 119 
100 |a Gómez Córdoba, Carlos Eduardo 
245 |a Vocabulario cafetero de la provincia de Cartago 
260 |a San José, Costa Rica  |b Universidad de Costa Rica, Escuela de Filosofía  |c 1975 
300 |a 69 páginas 
650 |a LICENCIATURA EN FILOSOFÍA 
650 |a TRABAJO FINAL DE GRADUACIÓN  |9 237 
942 |c TFG  |h TESIS 119  |2 z